صدمة الحياة العصرية ومواجهتها : (رقم التسجيلة. 123289)

تفاصيل مارك
000 -الفاتح
عناصر البيانات ثابتة الطول 00742cam a2200193 i 4500
005 - تاريخ ووقت آخر معاملة
حقل ضبط 20251111093243.0
008 - عناصر البيانات ثابتة الطول
عناصر البيانات ثابتة الطول 250721s2011 jo gr 000 0 ara d
020 ## - الترقيم الدولي المعياري للكتب (ردمك)
الترقيم الدولي المعياري للكتب (ردمك) 9789957741266
082 14 - رقم تصنيف ديوي العشري
رقم التصنيف 158
رقم المادة ح ج ا
100 1# - مدخل رئيسي – اسم شخصي
الاسم الشخصي حجازي، أحمد توفيق
علاقة الشخص بالعمل/ دوره مؤلف.
245 10 - بيان العنوان
العنوان صدمة الحياة العصرية ومواجهتها :
بقية العنوان التكيف سر عيش الكائنات /
بيان المسؤولية الصيدلاني الدكتور أحمد توفيق حجازي.
264 31 - بيانات النشر، التوزيع…إلخ
مكان النشر، التوزيع...إلخ عمان :
اسم الناشر، الموزع...إلخ دار كنوز المعرفة العلمية للنشر والتوزيع،
تاريخ النشر، التوزيع...إلخ 2011.
300 ## - الوصف المادي
عدد الوحدات المكونة للوعاء 240 صفحة.
650 17 - مدخل إضافي بالموضوع - مصطلح موضوعي
مصطلح موضوعي أو اسم جغرافي كعنصر مدخل الكآبة.
650 17 - مدخل إضافي بالموضوع - مصطلح موضوعي
مصطلح موضوعي أو اسم جغرافي كعنصر مدخل علم .
650 17 - مدخل إضافي بالموضوع - مصطلح موضوعي
مصطلح موضوعي أو اسم جغرافي كعنصر مدخل النجاح.
942 ## - بيانات إضافية (كوها)
نوع التنصيف Dewey Decimal Classification
نوع المادة (كوها) كتب
المقتنيات
حالة السحب حالة الفقدان مصدر التصنيف حالة التلف غير قابل للإعارة المكتبة الرئيسية المكتبة الحالية موقع الرف تاريخ التزويد الرقم المتسلسل Total Checkouts رقم الإستدعاء الباركود تاريخ آخر ظهور تاريخ الفاتورة نوع المادة (كوها)
    Dewey Decimal Classification     المكتبة المركزية المكتبة المركزية الإعارة 28/07/2025 1438416   158 / ح ج ا PLD00200151 28/07/2025 28/07/2025 كتب
    Dewey Decimal Classification     المكتبة المركزية المكتبة المركزية مقتنيات قسم التزويد 28/07/2025 1739553   158/حجا   28/07/2025 28/07/2025 كتب
    Dewey Decimal Classification     مكتبة الأميرة ايمان العامة مكتبة الأميرة ايمان العامة الإعارة 10/04/2011 1438428   158/حجا PLD00200333 28/07/2025 10/04/2011 كتب
    Dewey Decimal Classification     مكتبة الاميرة بديعة مكتبة الاميرة بديعة الإعارة 10/04/2011 1438429   158/حجا PLD00200332 28/07/2025 10/04/2011 كتب
    Dewey Decimal Classification     مكتبة البراعم الواعدة مكتبة البراعم الواعدة الإعارة 10/04/2011 1438426   158/حجا PLD00200335 28/07/2025 10/04/2011 كتب
    Dewey Decimal Classification     مكتبة الجويدة مكتبة الجويدة الإعارة 10/04/2011 1438427   158/حجا PLD00200334 28/07/2025 10/04/2011 كتب
    Dewey Decimal Classification     مكتبة صويلح العامة مكتبة صويلح العامة الإعارة 10/04/2011 1438417   158/حجا PLD00200344 28/07/2025 10/04/2011 كتب
Implemented & Customized by: BBB with SCIT (Smart Chains for Information Technology)

Powered by Koha